000 00554nam a2200181 i 4500
001 23768
003 ES-MaACL
005 20240512063031.0
007 t|
008 021212s1965 sp ||||1| spa d
100 1 _aAmézaga, Elías,
_d1921-2008
_921216
245 1 0 _aConsejos a un recien muerto /
_cElías Amezaga ; con un epílogo de Jorge de Oteiza.
260 _a[Bilbao :
_bItxaropena,
_c1965]
300 _a288 p. ;
_c24 cm.
700 1 _aOteiza, Jorge de.
_987869
852 _aES-MaACL
_jC-29190
_bR.59540
999 _c23768
_d23768